00271nam a2200109 a 450000500170000000800410001705000170005810000190007524500110009426000340010544000220013920140414131908.0101006s19uu xx 00 eng d aERbH34 1994 aSpyri, Johanna aHeidi. aU.K :bLadybird Books,c1994. aLadybird classics